000 00428nam a2200181Ia 4500
005 20250603145807.0
008 250603s9999 xx 000 0 und d
020 _a9781032126227
050 _aRA 770 .D67/
100 _aDosdale, Claire
245 0 _aSupporting survivors of sexual violence and abuse
260 _aLondon
260 _bRoutledge
260 _c2024
300 _a211 p
650 _aLondon
942 _cBK
999 _c42872
_d42872